| 000 | 00888nam a2200229Ii 4500 | ||
|---|---|---|---|
| 003 | JO-AjNU | ||
| 008 | 230605s9999||||xx |||||||||||||| ||und|| | ||
| 017 | _a2006/4/793 | ||
| 020 | _a9957-18-116-5 | ||
| 040 |
_aJO-AjNU _bara _erda _cJO-AjNU |
||
| 041 | _aara | ||
| 050 | 1 | 4 | _aHF5415.13.S85.2006 |
| 100 | 3 |
_aالصميدعي،محمود/ردينة عثمان يوسف, _eauthor _929276 |
|
| 245 | 0 | 0 | _aالاساليب الكمية في التسويق=Quantitative Methods in Marketing |
| 250 | _aط2 | ||
| 264 | 3 | 1 | _aعمان:دار المناهج للنشر والتوزيع؛2006 |
| 300 |
_a318ص _bيحتوي على جداول من ص303-310، يحتوي على ببلوغرافية من ص311-318ص |
||
| 336 |
_atext _btxt _2rdacontent |
||
| 337 |
_aunmediated _bn _2rdamedia |
||
| 338 |
_avolume _bnc _2rdacarrier |
||
| 650 | 4 |
_aالتسويق-ادارة مبيعات _929277 |
|
| 999 |
_aA11460 _c15028 _d15028 |
||